=LDR 00000nam 2200000 4500 =001 INLIS000000000039581 =005 20130612145211 =008 ***********************************Ind** =035 ##$$0010-061300000039581 =041 ##$$a Ind =082 ##$$a 420.076 =090 ##$$a 420.076, Sai b =100 ##$$a Saifuddi9n, Irham Ali =245 ##$$a Buku Pintar Toefl Pengantar Pembahasan, Strategi dan Pelatihannya, Irham Ali Saifuddin =260 ##$$a 23 Cm $b Jogyakarta =300 ##$$a 516 Hlm, 23 Cm =650 ##$$a Bahasa Inggris - Toefl =850 ##$$a NBPNMAT =990 ##$$a 0001/BPAP-NTB/20142014 =990 ##$$a 0001/BPAP-NTB/2016